Gesundheitsgefahren und Geruchsbelästigung durch lösemitteldampfgemische am Arbeitsplatz (Запись № 13372660)

Подробности
000 -МАРКЕР
контрольное поле 01317nam0a2200301 4500
001 - ИДЕНТИФИКАТОР ЗАПИСИ
контрольное поле RU\NLR\BIBL_A\022476843
005 - ИДЕНТИФИКАТОР ВЕРСИИ
контрольное поле 20260408221822.0
035 ## - ДРУГИЕ СИСТЕМНЫЕ НОМЕРА
Идентификатор записи (NLR Aleph) 022476843
100 ## - ДАННЫЕ ОБЩЕЙ ОБРАБОТКИ
Данные общей обработки 20250303d1974 |||y0rusy50 ca
101 0# - ЯЗЫК РЕСУРСА
Язык текста, звукозаписи и т.д. немецкий
102 ## - СТРАНА ПУБЛИКАЦИИ ИЛИ ПРОИЗВОДСТВА
Страна публикации российская федерация
105 ## - ПОЛЕ КОДИРОВАННЫХ ДАННЫХ: ТЕКСТОВЫЕ МАТЕРИАЛЫ, МОНОГРАФИЧЕСКИЕ
Кодированные данные о монографическом текстовом документе a m 000yy
181 #0 - ПОЛЕ КОДИРОВАННЫХ ДАННЫХ: ВИД СОДЕРЖАНИЯ
Код вида содержания (ISBD) i3
Код характеристики содержания (ISBD) axxe
182 #0 - ПОЛЕ КОДИРОВАННЫХ ДАННЫХ: ТИП СРЕДСТВА
Код типа средства (ISBD) n - непосредственное
200 1# - ЗАГЛАВИЕ И СВЕДЕНИЯ ОБ ОТВЕТСТВЕННОСТИ
Основное заглавие Gesundheitsgefahren und Geruchsbelästigung durch lösemitteldampfgemische am Arbeitsplatz
Сведения, относящиеся к заглавию Inaugural-Dissertation
Первые сведения об ответственности von Utz Schwarz
203 ## - ВИД СОДЕРЖАНИЯ И ТИП СРЕДСТВА
Вид содержания Текст
Дополнительные сведения об издании визуальный
Тип средства непосредственный
210 ## - ПУБЛИКАЦИЯ, РАСПРОСТРАНЕНИЕ И ДР.
Место издания, распространения и т.д. [Tübingen
Имя издателя, распространителя и т. д. s. n.]
Дата издания, распространения и т.д. 1974
215 ## - ФИЗИЧЕСКАЯ ХАРАКТЕРИСТИКА
Специфическое обозначение материала и объем [3], 63, [1] с.
Другие сведения о физической характеристике ил.
Размеры 21
541 1# - ПЕРЕВОД ЗАГЛАВИЯ, СДЕЛАННЫЙ КАТАЛОГИЗАТОРОМ
Заглавие Опасности для здоровья и неприятные запахи, вызываемые смесями паров растворителей на рабочем месте
606 ## - НАИМЕНОВАНИЕ ТЕМЫ КАК ПРЕДМЕТ
Наименование темы Здоровье
Тематический подзаголовок Риск
-- Влияние паров растворителей
Формальный подзаголовок Диссертации
Идентификатор авторитетной/нормативной записи RU\NLR\AUTH\6601754849
Системный номер авторитетной/нормативной записи 2666822
686 3# - ИНДЕКСЫ ДРУГИХ КЛАССИФИКАЦИЙ
Индекс Р120.4
700 #1 - ИМЯ ЛИЦА - ПЕРВИЧНАЯ ОТВЕТСТВЕННОСТЬ
Графика поля Латинская
Материалы, к которым относится поле ger
Начальный элемент ввода Schwarz
Часть имени, кроме начального элемента ввода U.
Дополнения к именам, кроме дат д-р медицины, гигиена труда
Даты 1942-
Расширение инициалов личного имени Utz
Идентификатор авторитетной/нормативной записи RU\NLR\AUTH\770279079
Системный номер авторитетной/нормативной записи 2651046
942 ## - ДОПОЛНИТЕЛЬНЫЕ ЭЛЕМЕНТЫ ЗАПИСИ (АБИС)
Тип экземпляра АБИС Книга
980 ## - КОЛЛЕКЦИЯ
Название коллекции Национальная библиография
Экземпляры
Тип экземпляра Дата поступления Библиотека постоянного хранения Библиотека текущего хранения Место хранения Шифр хранения Штрих-код Статус не для выдачи
Книга 03.03.2025 РНБ (Московский) РНБ (Московский) Иностранный книжный фонд, диссертации Дисс-25/1-1694 1-4850494